| 000 | 00429nam a22001697a 4500 | ||
|---|---|---|---|
| 003 | OSt | ||
| 005 | 20180116183008.0 | ||
| 008 | 150812b xxu||||| |||| 00| 0 eng d | ||
| 040 | _c0 | ||
| 082 | _a954.97 SIL 2004 | ||
| 100 | _aM. Islam Sadeeq | ||
| 245 |
_aRooh E Pakistaniyat _cM. Islam Sadeeq |
||
| 260 |
_aPakistan _bM. Ramzan Printers _c2004 |
||
| 300 |
_a296 p. _bPB |
||
| 440 | _aRooh E Pakistaniyat | ||
| 942 |
_2ddc _cBK |
||
| 999 |
_c350133 _d350133 |
||